[Event "Andujar op"]
[Site "Andujar"]
[Date "2025.07.03"]
[Round "9"]
[White "Brodowski, Piotr"]
[Black "Makkar, Rajat"]
[Result "1/2-1/2"]
[WhiteElo "2452"]
[BlackElo "2410"]
[PlyCount "107"]
[EventDate "2025.06.27"]
[EventType "swiss"]
[EventRounds "9"]
[EventCountry "ESP"]
[SourceTitle "CB28_2025"]
[SourceDate "2025.07.09"]
[SourceVersion "1"]
[SourceVersionDate "2025.07.09"]
[SourceQuality "1"]

1. Nf3 Nf6 2. g3 c5 3. c4 d5 4. cxd5 Nxd5 5. Bg2 Nc6 6. Nc3 Nc7 7. a3 g6 8. h4 Bg4 9. Qb3 Bg7 10. Qxb7 Bd7 11. Qb3 Rb8 12. Qd1 h6 13. d3 Ne6 14. 0-0 0-0 15. Nd2 Ne5 16. Nc4 Nxc4 17. dxc4 Nd4 18. Nb5 Nxb5 19. cxb5 Rxb5 20. a4 Rb4 21. Be3 c4 22. Bxa7 Bxb2 23. Bc5 Rb8 24. a5 Bxa1 25. Qxa1 Rb5 26. Qd4 Be6 27. Qe3 Qxa5 28. Bxe7 Rc8 29. Qxh6 Qc3 30. Be4 Rh5 31. Rc1 Qxg3+ 32. fxg3 Rxh6 33. Bf3 f5 34. Bb4 Rh7 35. Kf2 Rd7 36. h5 g5 37. g4 fxg4 38. Be4 c3 39. Bd3 Kg7 40. h6+ Kxh6 41. Bxc3 Rf8+ 42. Kg3 Bf5 43. Rh1+ Kg6 44. Rf1 Rh7 45. Rxf5 Rxf5 46. e3 Rh1 47. Kxg4 Rg1+ 48. Kh3 Rh1+ 49. Kg4 Rhf1 50. Bd4 Rg1+ 51. Kh3 Rh1+ 52. Kg4 Rg1+ 53. Kh3 Rh1+ 54. Kg4 1/2-1/2

[Event "Andujar op"]
[Site "Andujar"]
[Date "2025.06.30"]
[Round "6"]
[White "Makkar, Rajat"]
[Black "Xu, Yang1"]
[Result "1-0"]
[WhiteElo "2410"]
[BlackElo "2261"]
[PlyCount "81"]
[EventDate "2025.06.27"]
[EventType "swiss"]
[EventRounds "9"]
[EventCountry "ESP"]
[SourceTitle "CB28_2025"]
[SourceDate "2025.07.09"]
[SourceVersion "1"]
[SourceVersionDate "2025.07.09"]
[SourceQuality "1"]

1. d4 Nf6 2. c4 e6 3. g3 d5 4. Bg2 c6 5. Nf3 Bd6 6. 0-0 Nbd7 7. Nc3 h6 8. Nd2 0-0 9. Qc2 Rb8 10. e4 dxe4 11. Ndxe4 Be7 12. Bf4 Ra8 13. Rad1 Nxe4 14. Nxe4 Nf6 15. Nc3 Bd6 16. Be5 Ne8 17. Ne4 f6 18. Nxd6 Nxd6 19. Bf4 Nf7 20. Rfe1 Qa5 21. Qg6 Qxa2 22. Be4 f5 23. Bxf5 exf5 24. Re7 Qb3 25. Rde1 Qb4 26. Kg2 Qxe1 27. Rxe1 Nh8 28. Qd6 b6 29. Re7 Ba6 30. Be5 Rf7 31. Rxf7 Nxf7 32. Qg6 Nxe5 33. dxe5 c5 34. Qe6+ Kh8 35. Qc6 Rb8 36. Qc7 Re8 37. b3 Bc8 38. Qc6 Rg8 39. e6 f4 40. e7 f3+ 41. Kxf3 1-0

[Event "ENG-ch Schools"]
[Site "Nottingham"]
[Date "2025.06.25"]
[Round "2.1"]
[White "Thatte, Nishchal"]
[Black "Makkar, Rajat"]
[Result "0-1"]
[WhiteElo "2189"]
[BlackElo "2627"]
[PlyCount "104"]
[EventDate "2025.06.25"]
[EventType "team-swiss"]
[EventRounds "6"]
[EventCountry "ENG"]
[SourceTitle "CB27_2025"]
[SourceDate "2025.07.02"]
[SourceVersion "1"]
[SourceVersionDate "2025.07.02"]
[SourceQuality "1"]
[WhiteTeam "Queen Elizabeth"]
[BlackTeam "Hampton"]
[WhiteTeamCountry "ENG"]
[BlackTeamCountry "ENG"]

1. e4 e5 2. Nf3 Nc6 3. c3 d5 4. Qa4 f6 5. d3 Be6 6. b4 Qd7 7. b5 Nd8 8. Nbd2 c6 9. d4 Bd6 10. Bd3 Ne7 11. Rb1 0-0 12. Ba3 Ng6 13. bxc6 Nxc6 14. exd5 Bxd5 15. Bxg6 hxg6 16. Bxd6 Qxd6 17. 0-0 e4 18. Ne1 Qf4 19. c4 Bf7 20. d5 Ne5 21. Qc2 Rac8 22. g3 Qh6 23. Qd1 f5 24. Qe2 Rfe8 25. Qe3 Qh3 26. Qg5 Nxc4 27. Nxc4 Rxc4 28. d6 e3 29. d7 e2 30. dxe8Q+ Bxe8 31. Ng2 exf1Q+ 32. Rxf1 Bc6 33. Nf4 Qg4 34. Qxg4 fxg4 35. Nxg6 Bf3 36. Ne5 Rc2 37. a3 Ra2 38. h3 Be2 39. Re1 gxh3 40. Kh2 Bb5 41. Rb1 a6 42. Ng4 Bd7 43. Ne5 Rxf2+ 44. Kg1 Rg2+ 45. Kh1 Bf5 46. Rxb7 Be4 47. Rb8+ Kh7 48. Ng4 Rxg3+ 49. Kh2 Rxg4 50. Kxh3 Bf5 51. Kh2 Ra4 52. Rb3 g5 0-1

[Event "BCF-chT 2425 (4NCL)"]
[Site "England"]
[Date "2025.01.25"]
[Round "3.31"]
[White "Kovchan, Alexander"]
[Black "Makkar, Rajat"]
[Result "1-0"]
[WhiteElo "2455"]
[BlackElo "2407"]
[PlyCount "67"]
[EventDate "2024.11.23"]
[EventType "team-swiss"]
[EventRounds "11"]
[EventCountry "ENG"]
[SourceTitle "CB14_2025"]
[SourceDate "2024.11.01"]
[SourceVersion "1"]
[SourceVersionDate "2024.11.01"]
[SourceQuality "1"]
[WhiteTeam "Barnet Knights"]
[BlackTeam "The Sharks"]
[WhiteTeamCountry "ENG"]
[BlackTeamCountry "ENG"]

1. e4 c5 2. Nf3 d6 3. d4 cxd4 4. Nxd4 Nf6 5. Nc3 Nc6 6. Be2 e5 7. Nf3 Be6 8. Ng5 Be7 9. a3 0-0 10. Nxe6 fxe6 11. Bc4 Qd7 12. Ba2 Kh8 13. Bg5 h6 14. h4 b5 15. Qd2 a5 16. Bxf6 Rxf6 17. Nxb5 Rb8 18. Qd3 d5 19. exd5 exd5 20. Bxd5 Nd4 21. Nxd4 Qxd5 22. Nf3 Qb7 23. Ng5 g6 24. Ne4 Rf4 25. f3 Rd8 26. Qe3 Rd4 27. 0-0 Qc7 28. b4 axb4 29. axb4 Bxb4 30. Ra8+ Kg7 31. Qb3 Rdxe4 32. Qg8+ Kf6 33. Ra6+ Bd6 34. fxe4 1-0

[Event "Sitges Sunway op-A 11th"]
[Site "Sitges"]
[Date "2024.12.15"]
[Round "4"]
[White "Brzezina, Piotr"]
[Black "Makkar, Rajat"]
[Result "1-0"]
[WhiteElo "2274"]
[BlackElo "2433"]
[PlyCount "115"]
[EventDate "2024.12.12"]
[EventType "swiss"]
[EventRounds "10"]
[EventCountry "ESP"]
[SourceTitle "CB52_2024"]
[SourceDate "2024.12.25"]
[SourceVersion "1"]
[SourceVersionDate "2024.12.25"]
[SourceQuality "1"]

1. e4 e5 2. Nf3 Nc6 3. Bc4 Bc5 4. d3 h6 5. c3 Nf6 6. b4 Bb6 7. a4 a6 8. 0-0 0-0 9. Nbd2 d6 10. Re1 Ne7 11. d4 Ng6 12. Bf1 c6 13. Qc2 Be6 14. h3 Nh5 15. a5 Ba7 16. dxe5 dxe5 17. c4 Qf6 18. c5 Rad8 19. Bb2 Bb8 20. Rad1 Nhf4 21. Qc3 Rd4 22. Nc4 Bxc4 23. Bxc4 Rfd8 24. Qb3 R4d7 25. Rxd7 Rxd7 26. Rd1 Qe7 27. Bc1 Kf8 28. g3 Nh5 29. Kg2 Nf6 30. Rxd7 Qxd7 31. Qd3 Qxd3 32. Bxd3 Ke7 33. Nd2 Nf8 34. Nc4 Ne6 35. Bb2 Nd7 36. h4 h5 37. Kf3 f6 38. Ke2 g5 39. Ne3 Ndf8 40. Nf5+ Kd7 41. Kf1 gxh4 42. Nxh4 Ng5 43. Ke2 Nfe6 44. Ke3 Ba7 45. Bc3 Ng7 46. Nf5 Nxf5+ 47. exf5 Ke7 48. Be2 Bb8 49. Bxh5 Bc7 50. Bg4 Bd8 51. f4 exf4+ 52. gxf4 Nf7 53. Be2 Nh6 54. Ke4 Kd7 55. Bc4 Ng4 56. Kf3 Nh6 57. Be6+ Kc7 58. Ke4 1-0

[Event "BCF-chT 2425 (4NCL)"]
[Site "England"]
[Date "2024.11.23"]
[Round "1.33"]
[White "Makkar, Rajat"]
[Black "Foisor, Mihaela Veronica"]
[Result "1-0"]
[WhiteElo "2432"]
[BlackElo "2156"]
[PlyCount "53"]
[EventDate "2024.11.23"]
[EventType "team-swiss"]
[EventRounds "11"]
[EventCountry "ENG"]
[SourceTitle "CB48_2024"]
[SourceDate "2024.11.28"]
[SourceVersion "1"]
[SourceVersionDate "2024.11.28"]
[SourceQuality "1"]
[WhiteTeam "The Sharks"]
[BlackTeam "The Sharks II"]
[WhiteTeamCountry "ENG"]
[BlackTeamCountry "ENG"]

1. d4 d5 2. c4 e6 3. Nf3 Nf6 4. Nc3 dxc4 5. e4 c5 6. d5 exd5 7. e5 Nfd7 8. Qxd5 Nb6 9. Qxd8+ Kxd8 10. Bg5+ Be7 11. 0-0-0+ Bd7 12. Nb5 Nc6 13. Nd6 Kc7 14. Bxe7 Nxe7 15. Nxf7 Rhf8 16. Nd6 Be6 17. Ng5 Bg8 18. g3 Rxf2 19. Nge4 Rff8 20. Bh3 Kc6 21. Nc3 Rf2 22. Nde4 Rf5 23. Rd6+ Kc7 24. Nb5+ Kc8 25. Rhd1 Nbd5 26. Bxf5+ Nxf5 27. R6xd5 1-0

[Event "Wch U18"]
[Site "Florianopolis"]
[Date "2024.11.09"]
[Round "11"]
[White "Ansat, Aldiyar"]
[Black "Makkar, Rajat"]
[Result "1/2-1/2"]
[WhiteElo "2456"]
[BlackElo "2432"]
[PlyCount "77"]
[EventDate "2024.10.29"]
[EventType "swiss"]
[EventRounds "11"]
[EventCountry "BRA"]
[SourceTitle "CB45_2024"]
[Source "ChessBase"]
[SourceDate "2024.11.06"]
[SourceVersion "1"]
[SourceVersionDate "2024.11.06"]
[SourceQuality "1"]

1. e4 e5 2. Nf3 Nc6 3. Bb5 a6 4. Ba4 Nf6 5. Nc3 b5 6. Bb3 Bc5 7. d3 d6 8. a4 Rb8 9. axb5 axb5 10. h3 h6 11. 0-0 g5 12. Bd5 Nb4 13. Be3 Nbxd5 14. Nxd5 Nxd5 15. exd5 Bxe3 16. fxe3 h5 17. Qe1 g4 18. hxg4 hxg4 19. Nd2 f5 20. d4 Qe7 21. Qg3 Kd8 22. b4 Bd7 23. dxe5 dxe5 24. Nb3 Qh4 25. Qxh4+ Rxh4 26. Kf2 g3+ 27. Kxg3 Rg4+ 28. Kf3 Ke7 29. Rh1 Rbg8 30. Rh7+ Kd6 31. Ra6+ c6 32. Nc5 Be8 33. dxc6 Kd5 34. Ke2 Bxc6 35. Rh6 Kc4 36. Raxc6 Rxg2+ 37. Kf1 Rg1+ 38. Kf2 R1g2+ 39. Kf1 1/2-1/2

[Event "Wch U18"]
[Site "Florianopolis"]
[Date "2024.11.03"]
[Round "6"]
[White "Makkar, Rajat"]
[Black "Bai, Adelard"]
[Result "0-1"]
[WhiteElo "2432"]
[BlackElo "2389"]
[PlyCount "58"]
[EventDate "2024.10.29"]
[EventType "swiss"]
[EventRounds "11"]
[EventCountry "BRA"]
[SourceTitle "CB45_2024"]
[Source "ChessBase"]
[SourceDate "2024.11.06"]
[SourceVersion "1"]
[SourceVersionDate "2024.11.06"]
[SourceQuality "1"]

1. d4 Nf6 2. c4 e6 3. Nf3 Bb4+ 4. Nbd2 b6 5. a3 Bxd2+ 6. Qxd2 Bb7 7. e3 d5 8. Be2 0-0 9. 0-0 dxc4 10. Bxc4 Qe7 11. b4 Rd8 12. Qe2 c5 13. Bb2 Nbd7 14. Rfc1 Rac8 15. bxc5 bxc5 16. a4 Ne4 17. Ba3 Qf6 18. Ba6 Bxa6 19. Qxa6 e5 20. Qxa7 exd4 21. exd4 c4 22. a5 Qc6 23. Ne5 Nxe5 24. dxe5 c3 25. f3 Nd2 26. Bb4 Nxf3+ 27. Kh1 c2 28. Qe3 Nd4 29. a6 Qc4 0-1

[Event "Wch U18"]
[Site "Florianopolis"]
[Date "2024.10.31"]
[Round "3"]
[White "Badacsonyi, Frankie"]
[Black "Makkar, Rajat"]
[Result "1-0"]
[WhiteElo "2258"]
[BlackElo "2432"]
[PlyCount "93"]
[EventDate "2024.10.29"]
[EventType "swiss"]
[EventRounds "11"]
[EventCountry "BRA"]
[SourceTitle "CB45_2024"]
[Source "ChessBase"]
[SourceDate "2024.11.06"]
[SourceVersion "1"]
[SourceVersionDate "2024.11.06"]
[SourceQuality "1"]

1. d4 Nf6 2. c4 e6 3. Nf3 d5 4. g3 Be7 5. Bg2 0-0 6. 0-0 dxc4 7. Qc2 b5 8. a4 b4 9. Nbd2 Bb7 10. Nxc4 c5 11. dxc5 Be4 12. Qd2 Nbd7 13. Nfe5 Nxc5 14. Qxd8 Rfxd8 15. Bxe4 Nfxe4 16. Nc6 Nb3 17. Nxd8 Rc8 18. Ne5 Nxa1 19. Ndc6 Bf8 20. Be3 Nc2 21. Rc1 b3 22. Nd4 Ba3 23. Nd3 Nc3 24. Kf1 Na2 25. Nxc2 bxc2 26. Ra1 Bxb2 27. Rxa2 c1Q+ 28. Nxc1 Bxc1 29. Bxa7 Ra8 30. Bb6 Bg5 31. a5 Kf8 32. a6 Ke8 33. a7 Bd8 34. Bd4 Kd7 35. Rb2 Bc7 36. Be3 Kc6 37. Kg2 h5 38. h3 g5 39. g4 hxg4 40. hxg4 f6 41. Rb3 Kd5 42. f3 Kc6 43. Kf1 Rd8 44. Rc3+ Kb7 45. Rd3 Rf8 46. Rd7 Kc6 47. Rf7 1-0

[Event "Abu Dhabi op-A 30th"]
[Site "Abu Dhabi"]
[Date "2024.08.17"]
[Round "3"]
[White "Makkar, Rajat"]
[Black "Daaevik, Wadhawan"]
[Result "1-0"]
[WhiteElo "2436"]
[BlackElo "2323"]
[PlyCount "85"]
[EventDate "2024.08.15"]
[EventType "swiss"]
[EventRounds "9"]
[EventCountry "UAE"]
[SourceTitle "EXT 2025"]
[Source "ChessBase"]
[SourceDate "2024.10.14"]
[SourceVersion "1"]
[SourceVersionDate "2024.10.14"]
[SourceQuality "1"]

1. Nf3 d5 2. d4 Nf6 3. c4 e6 4. Nc3 dxc4 5. e4 b5 6. e5 Nd5 7. Nxb5 Nb6 8. Be2 Nc6 9. 0-0 Bb7 10. Be3 Be7 11. Qc1 a6 12. Nc3 0-0 13. Rd1 Na5 14. Nd2 Qe8 15. Nde4 Kh8 16. Qc2 Rb8 17. Ng5 Bxg5 18. Bxg5 Nd5 19. Qd2 Nb4 20. Qf4 Nd5 21. Qg3 f5 22. Qh4 Qd7 23. Rac1 Kg8 24. Bf1 h6 25. Bd2 Nb4 26. Ne2 Bd5 27. Qg3 Qf7 28. Nf4 Kh7 29. h4 Rfd8 30. Be2 g6 31. Qa3 Nac6 32. Bxc4 Bxc4 33. Rxc4 a5 34. Rdc1 Rxd4 35. Rxd4 Nxd4 36. Bxb4 Rxb4 37. Qxa5 Rb7 38. Qa4 g5 39. hxg5 hxg5 40. Qxd4 gxf4 41. Rc3 Kg7 42. Rh3 c5 43. Qd8 1-0

[Event "FRA-chT Top 16 Haute"]
[Site "Chartres"]
[Date "2024.06.06"]
[Round "1.30"]
[White "Makkar, Rajat"]
[Black "Loiseau, Quentin"]
[Result "0-1"]
[WhiteElo "2456"]
[BlackElo "2411"]
[PlyCount "80"]
[EventDate "2024.06.06"]
[EventType "team-tourn"]
[EventRounds "4"]
[EventCountry "FRA"]
[SourceTitle "CBM 220 Extra"]
[Source "ChessBase"]
[SourceDate "2024.07.31"]
[SourceVersion "1"]
[SourceVersionDate "2024.07.31"]
[SourceQuality "1"]
[WhiteTeam "Cannes"]
[BlackTeam "Grasse Echecs"]
[WhiteTeamCountry "FRA"]
[BlackTeamCountry "FRA"]

1. d4 d5 2. c4 dxc4 3. e3 Nf6 4. Bxc4 e6 5. Nf3 a6 6. 0-0 Be7 7. Nbd2 b5 8. Be2 Nbd7 9. a4 b4 10. e4 Bb7 11. e5 Ne4 12. Nc4 c5 13. Bf4 Nb6 14. Nxb6 Qxb6 15. Be3 Bd5 16. Qc2 Rc8 17. dxc5 Nxc5 18. Qd1 Qb7 19. Qd4 Nb3 20. Qg4 Nxa1 21. Rxa1 Kf8 22. Ng5 h6 23. Nh3 g6 24. Bd3 Kg7 25. Nf4 h5 26. Qe2 Rc6 27. Nxd5 exd5 28. Bd4 Bc5 29. Bxc5 Rxc5 30. Bxa6 Qb6 31. Rd1 d4 32. Bd3 Rhc8 33. f4 b3 34. f5 Re8 35. e6 gxf5 36. e7 Qf6 37. Qxh5 Qxe7 38. Rf1 Qe3+ 39. Kh1 Qxd3 40. Qg5+ Kf8 0-1

[Event "FRA-chT Top 16 GpB"]
[Site "Chartres"]
[Date "2024.06.03"]
[Round "5.12"]
[White "Vlachos, Anatole"]
[Black "Makkar, Rajat"]
[Result "1/2-1/2"]
[WhiteElo "2470"]
[BlackElo "2453"]
[PlyCount "84"]
[EventDate "2024.05.30"]
[EventType "team-tourn"]
[EventRounds "7"]
[EventCountry "FRA"]
[SourceTitle "CBM 220 Extra"]
[Source "ChessBase"]
[SourceDate "2024.07.31"]
[SourceVersion "1"]
[SourceVersionDate "2024.07.31"]
[SourceQuality "1"]
[WhiteTeam "Tremblay en France"]
[BlackTeam "Cannes"]
[WhiteTeamCountry "FRA"]
[BlackTeamCountry "FRA"]

1. e4 e5 2. Nf3 Nc6 3. Bc4 Nf6 4. d3 Bc5 5. c3 0-0 6. Bg5 h6 7. Bh4 Be7 8. Nbd2 d6 9. Bg3 Kh8 10. 0-0 Nh7 11. d4 exd4 12. cxd4 Bg4 13. h3 Bh5 14. Qc2 Ng5 15. d5 Nxf3+ 16. Nxf3 Nb8 17. Nh2 Nd7 18. f4 c6 19. dxc6 bxc6 20. Ng4 Bxg4 21. hxg4 Nf6 22. g5 hxg5 23. fxg5 Nh5 24. Bh2 Bxg5 25. Qe2 Nf6 26. Rf5 Bh6 27. Raf1 Nxe4 28. Bxf7 Qe7 29. g4 d5 30. g5 Qc5+ 31. Kh1 Nxg5 32. Rxg5 Bxg5 33. Qh5+ Bh6 34. Be5 Qe3 35. Rf6 Qe1+ 36. Kh2 Qd2+ 37. Kh1 Qe1+ 38. Kg2 Qd2+ 39. Kh3 Qe3+ 40. Kh2 Qd2+ 41. Kh3 Qe3+ 42. Kh2 Qd2+ 1/2-1/2

[Event "BCF-chT 2324 (4NCL)"]
[Site "England"]
[Date "2024.05.06"]
[Round "11.3"]
[White "Williams, Simon Kim"]
[Black "Makkar, Rajat"]
[Result "0-1"]
[WhiteElo "2467"]
[BlackElo "2453"]
[PlyCount "106"]
[EventDate "2023.11.11"]
[EventType "team-tourn"]
[EventRounds "11"]
[EventCountry "ENG"]
[SourceTitle "EXT 2025"]
[Source "ChessBase"]
[SourceDate "2024.10.14"]
[SourceVersion "1"]
[SourceVersionDate "2024.10.14"]
[SourceQuality "1"]
[WhiteTeam "Cheddleton"]
[BlackTeam "The Sharks"]
[WhiteTeamCountry "ENG"]
[BlackTeamCountry "ENG"]

1. d4 d5 2. c4 c6 3. cxd5 cxd5 4. Nc3 Nf6 5. f3 Qb6 6. e4 dxe4 7. fxe4 e5 8. Bb5+ Nc6 9. d5 Bb4 10. Qd3 a6 11. Ba4 Qa5 12. Bd1 Nd4 13. Nge2 0-0 14. 0-0 Bd7 15. Kh1 Bb5 16. Nxb5 Qxb5 17. Qxb5 Nxb5 18. Ng3 Nd6 19. Bf3 h6 20. a3 Bc5 21. Bd2 Rac8 22. Rac1 Rfe8 23. a4 h5 24. h4 g6 25. Kh2 Nd7 26. Be2 Bd4 27. Bb4 Bc5 28. Bd2 Kg7 29. Bd3 Nf6 30. Bh6+ Kxh6 31. Rxf6 Kg7 32. Rcf1 Re7 33. Ne2 Ne8 34. R6f3 f5 35. exf5 e4 36. f6+ Nxf6 37. Rxf6 exd3 38. Nc3 d2 39. Re6 Rce8 40. Rd1 Rxe6 41. dxe6 Rd8 42. Ne4 Bb4 43. Kg3 Kf8 44. Kf4 Ke7 45. Ke5 Rd3 46. Nc3 Bxc3+ 47. bxc3 Rd6 48. c4 Rxe6+ 49. Kd4 Re2 50. g3 Kd6 51. Kd3 Rg2 52. Rxd2 Rxd2+ 53. Kxd2 Kc5 0-1

[Event "BCF-chT2 2324 (4NCL)"]
[Site "England"]
[Date "2024.05.05"]
[Round "10.21"]
[White "Makkar, Rajat"]
[Black "Taylor, Martin R"]
[Result "1/2-1/2"]
[WhiteElo "2455"]
[BlackElo "2366"]
[PlyCount "58"]
[EventDate "2023.11.11"]
[EventType "team-tourn"]
[EventRounds "11"]
[EventCountry "ENG"]
[SourceTitle "CBM 219 Extra"]
[Source "ChessBase"]
[SourceDate "2024.05.31"]
[SourceVersion "1"]
[SourceVersionDate "2024.05.31"]
[SourceQuality "1"]
[WhiteTeam "The Sharks II"]
[BlackTeam "Barbican"]
[WhiteTeamCountry "ENG"]
[BlackTeamCountry "ENG"]

1. e4 e5 2. Nf3 Nc6 3. Bc4 Be7 4. d4 exd4 5. Nxd4 d6 6. Nc3 Nf6 7. 0-0 0-0 8. Bf4 Nd7 9. Bxf7+ Rxf7 10. Ne6 Qe8 11. Nxc7 Qd8 12. Nxa8 Rxf4 13. Nc7 Nb6 14. N7d5 Rh4 15. Nxb6 Qxb6 16. Qd5+ Kf8 17. b3 Ne5 18. Rae1 Ng4 19. h3 Nf6 20. Qd3 Bd7 21. Re3 Rh5 22. Rfe1 Bc6 23. Qe2 Re5 24. Qd3 Qc5 25. Kh1 g5 26. Nd1 b5 27. c4 bxc4 28. bxc4 Bd8 29. f3 Nh5 1/2-1/2

[Event "FRA-ch U18"]
[Site "Agen"]
[Date "2024.04.20"]
[Round "8"]
[White "Mendoza, Mael"]
[Black "Makkar, Rajat"]
[Result "0-1"]
[WhiteElo "2088"]
[BlackElo "2452"]
[PlyCount "98"]
[EventDate "2024.04.14"]
[EventType "swiss"]
[EventRounds "9"]
[EventCountry "FRA"]
[SourceTitle "EXT 2025"]
[Source "ChessBase"]
[SourceDate "2024.10.14"]
[SourceVersion "1"]
[SourceVersionDate "2024.10.14"]
[SourceQuality "1"]

1. e4 c5 2. Nf3 Nc6 3. Bb5 d6 4. 0-0 Bd7 5. Re1 a6 6. Bf1 Nf6 7. c3 Bg4 8. h3 Bxf3 9. Qxf3 e6 10. Qe3 d5 11. exd5 Qxd5 12. g3 Be7 13. Bg2 Qd7 14. Na3 b5 15. Nc2 Rc8 16. a4 0-0 17. axb5 axb5 18. Qe2 c4 19. b3 cxb3 20. Bxc6 Rxc6 21. Nd4 Rc4 22. Ba3 Bxa3 23. Rxa3 e5 24. Nxb3 Qxh3 25. Qf3 e4 26. Qg2 Qd7 27. Ra6 b4 28. Qf1 Rfc8 29. Na5 R4c7 30. cxb4 Qxd2 31. b5 e3 32. b6 Rc2 33. Rxe3 Rc1 34. b7 Rxf1+ 35. Kxf1 Qd1+ 36. Kg2 Qd5+ 37. Rf3 Re8 38. Nc6 Qb5 39. b8Q Rxb8 40. Nxb8 Qxb8 41. Raxf6 gxf6 42. Rxf6 Kg7 43. Rf4 h5 44. Kh3 Kg6 45. Kh2 f5 46. Kg2 Kg5 47. Kh3 Qb7 48. Kh2 Qc7 49. Kh3 Qc1 0-1

[Event "FRA-ch U18"]
[Site "Agen"]
[Date "2024.04.17"]
[Round "5"]
[White "Makkar, Rajat"]
[Black "Tulliez, Andre"]
[Result "1-0"]
[WhiteElo "2452"]
[BlackElo "2157"]
[PlyCount "45"]
[EventDate "2024.04.14"]
[EventType "swiss"]
[EventRounds "9"]
[EventCountry "FRA"]
[SourceTitle "EXT 2025"]
[Source "ChessBase"]
[SourceDate "2024.10.14"]
[SourceVersion "1"]
[SourceVersionDate "2024.10.14"]
[SourceQuality "1"]

1. c4 e5 2. g3 c6 3. Nf3 e4 4. Nd4 d5 5. cxd5 Nf6 6. Bg2 cxd5 7. d3 Bb4+ 8. Nc3 0-0 9. 0-0 Re8 10. Qc2 h6 11. Be3 Qe7 12. Rac1 Bd7 13. Qb3 Bxc3 14. Rxc3 Bg4 15. h3 Bh5 16. dxe4 dxe4 17. Nf5 Qe6 18. Qxe6 Rxe6 19. Rc8+ Kh7 20. g4 Bg6 21. Rd1 Re8 22. Rxe8 Nxe8 23. Rd8 1-0

[Event "FRA-ch U18"]
[Site "Agen"]
[Date "2024.04.15"]
[Round "3"]
[White "Makkar, Rajat"]
[Black "Delaplace, Mathias"]
[Result "1-0"]
[WhiteElo "2452"]
[BlackElo "2082"]
[PlyCount "99"]
[EventDate "2024.04.14"]
[EventType "swiss"]
[EventRounds "9"]
[EventCountry "FRA"]
[SourceTitle "EXT 2025"]
[Source "ChessBase"]
[SourceDate "2024.10.14"]
[SourceVersion "1"]
[SourceVersionDate "2024.10.14"]
[SourceQuality "1"]

1. c4 Nf6 2. g3 g6 3. Bg2 Bg7 4. Nc3 d6 5. d4 0-0 6. Nf3 Bf5 7. Nh4 Bc8 8. Nf3 Bf5 9. Nh4 Bc8 10. 0-0 e5 11. Nf3 Nbd7 12. e4 b6 13. h3 Bb7 14. d5 Nc5 15. Ne1 a5 16. Be3 Nfd7 17. Rc1 f5 18. exf5 gxf5 19. f4 Qe8 20. Rc2 Qg6 21. Kh2 Ba6 22. Ne2 Rae8 23. Nf3 e4 24. Nh4 Qh5 25. Nd4 Qxd1 26. Rxd1 Bxd4 27. Bxd4 Nd3 28. Bf1 N7c5 29. b3 b5 30. cxb5 Bxb5 31. Ng2 Rb8 32. Ne3 a4 33. Rg2 axb3 34. axb3 Nxb3 35. Bc3 Nbc5 36. Be2 Bd7 37. Rf1 Kf7 38. g4 Rg8 39. g5 Rb3 40. Bh5+ Kf8 41. Bd4 Ra3 42. Rb1 Rb3 43. Ra2 Rg6 44. Ra8+ Kf7 45. Rf1 Rb4 46. Bf6 Ra4 47. Rh8 Be8 48. Nxf5 Ra2+ 49. Kg3 e3 50. Nh6# 1-0

[Event "Karlsruhe Grenke op"]
[Site "Karlsruhe"]
[Date "2024.03.31"]
[Round "7"]
[White "Makkar, Rajat"]
[Black "Titze, Leo"]
[Result "1-0"]
[WhiteElo "2434"]
[BlackElo "2219"]
[PlyCount "77"]
[EventDate "2024.03.28"]
[EventType "swiss"]
[EventRounds "9"]
[EventCountry "GER"]
[SourceTitle "EXT 2025"]
[Source "ChessBase"]
[SourceDate "2024.10.14"]
[SourceVersion "1"]
[SourceVersionDate "2024.10.14"]
[SourceQuality "1"]

1. e4 c5 2. Nf3 Nc6 3. d4 cxd4 4. Nxd4 g6 5. c4 Nf6 6. Nc3 d6 7. Be2 Nxd4 8. Qxd4 Bg7 9. b3 0-0 10. Bb2 Be6 11. 0-0 Nd7 12. Qd2 a5 13. f4 Nc5 14. Kh1 Bd7 15. e5 Bc6 16. Qe3 Qb6 17. Nd5 Bxd5 18. cxd5 a4 19. Bd4 axb3 20. axb3 Qb4 21. Bc4 Rfc8 22. Rad1 Qa5 23. exd6 exd6 24. Bxg7 Kxg7 25. f5 Qd8 26. f6+ Kh8 27. Qf4 Qf8 28. Bb5 Ra5 29. Be2 Ra2 30. Rde1 Rd8 31. Bb5 Ra5 32. Qb4 Raa8 33. Re7 Qh6 34. Rxf7 Rf8 35. Re7 Ra2 36. Qc3 Qd2 37. Qh3 h5 38. Re2 Qa5 39. Qe3 1-0

[Event "Karlsruhe Grenke op"]
[Site "Karlsruhe"]
[Date "2024.03.30"]
[Round "5"]
[White "Makkar, Rajat"]
[Black "Hampel, Felix"]
[Result "1/2-1/2"]
[WhiteElo "2434"]
[BlackElo "2294"]
[PlyCount "37"]
[EventDate "2024.03.28"]
[EventType "swiss"]
[EventRounds "9"]
[EventCountry "GER"]
[SourceTitle "EXT 2025"]
[Source "ChessBase"]
[SourceDate "2024.10.14"]
[SourceVersion "1"]
[SourceVersionDate "2024.10.14"]
[SourceQuality "1"]

1. e4 c6 2. Nf3 d5 3. Nc3 dxe4 4. Nxe4 Nf6 5. Qe2 Nxe4 6. Qxe4 Nd7 7. d4 Nf6 8. Qf4 Nd5 9. Qd2 g6 10. Bd3 Bg7 11. 0-0 0-0 12. Re1 a5 13. c4 Nc7 14. Be4 Ne6 15. Rd1 Qd6 16. b3 c5 17. Bb2 Nxd4 18. Nxd4 cxd4 19. Bxd4 1/2-1/2

[Event "BCF-chT 2324 (4NCL)"]
[Site "England"]
[Date "2024.03.17"]
[Round "8.3"]
[White "Gormally, Daniel"]
[Black "Makkar, Rajat"]
[Result "1-0"]
[WhiteElo "2419"]
[BlackElo "2453"]
[PlyCount "49"]
[EventDate "2023.11.11"]
[EventType "team-tourn"]
[EventRounds "11"]
[EventCountry "ENG"]
[SourceTitle "EXT 2025"]
[Source "ChessBase"]
[SourceDate "2024.10.14"]
[SourceVersion "1"]
[SourceVersionDate "2024.10.14"]
[SourceQuality "1"]
[WhiteTeam "Blackthorne Russia"]
[BlackTeam "The Sharks"]
[WhiteTeamCountry "ENG"]
[BlackTeamCountry "ENG"]

1. d4 d5 2. c4 c6 3. Nf3 Nf6 4. Nc3 e6 5. g3 dxc4 6. Bg2 Nbd7 7. 0-0 b5 8. Ng5 Qb6 9. a4 b4 10. Nce4 Ba6 11. Nxf6+ gxf6 12. Nf3 Rc8 13. Re1 c5 14. d5 exd5 15. Qxd5 Qe6 16. Qh5 Bb7 17. Bf4 Be4 18. Rad1 Bg6 19. Qh4 Be7 20. Bh3 Bf5 21. Bxf5 Qxf5 22. e4 Qe6 23. Qh5 Rg8 24. e5 f5 25. Rd6 1-0